Statistics for Avatar Bending Types

Click here to take the quiz!

General Stats

  • This quiz has been taken 1,527 times
    (1,520 since last reset)
  • The average score is 11 of 18

Answer Stats

Answer % Correct
Metal Bending
97%
Blood Bending
93%
Air Bending
87%
Earth Bending
86%
FireBending
85%
Water Bending
85%
Lightning generation
84%
Lightning redirection
84%
Lava Bending
69%
Sand Bending
53%
Energy bending
48%
Flight
43%
Water Healing
36%
Spirit Bending
35%
Combustion Bending
26%
Vine Bending
22%
Seismic Sense
12%
Spiritual projection
7%

Score Distribution

Percentile by Number Answered

Percent of People with Each Score

Your Score History

You have not taken this quiz since the last reset